000 01069cam a2200313 a 4500
001 2804
005 20240116083404.0
020 _a0688062164
020 _a9780439441421
020 _a051487002957
040 _aDLC
_cDLC
_dDLC
_beng
050 0 0 _aPZ7.F5992
_bWh 1986
082 0 0 _a813.54
_219
100 1 _aFleischman, Sid
_d1920-2010
245 1 4 _aThe whipping boy /
_cby Sid Fleischman ; illustrations by Peter Sis
250 _aFirst Troll Printing, 1987
260 _aNew York :
_bTroll Associates,
_c1986
300 _a90 pages ;
_c19 cm
_billustrations
505 _aK
520 _aA bratty prince and his whipping boy have many adventures when they inadvertently trade places after becoming involved with dangerous outlaws.
521 _a570
_bLexile
521 _aK
_bRaz-Plus
650 1 _aRobbers and outlaws
_vFiction.
650 1 _aAdventure and adventurers
_vFiction.
655 7 _aJuvenile literature
_y1986.
_2rbgenr
700 1 _aSís, Peter
_d1949-
_eillustrator
906 _a7
_bcbc
_corignew
_d1
_eocip
_f19
_gy-gencatlg
942 _2ddc
_cBK
_n0
999 _c2804
_d2804